| 000 | 01165nam a2200301 a 4500 | ||
|---|---|---|---|
| 003 | CHAP | ||
| 005 | 20220329143657.0 | ||
| 008 | 110106s2010 mx 10010 spa d | ||
| 010 | _a100202 | ||
| 011 | _a101174 | ||
| 035 | _a111861 | ||
| 040 | _cCHAP | ||
| 090 | _aCD-331 | ||
| 110 | 0 |
_aForo de Avances de Investigación del posgrado en Ingeniería Agrícola y Uso Integral del Agua ( _n4 _d: 2009 _c: Chapingo, Méx.) _942421 |
|
| 245 | 1 | 0 |
_aCuarto foro de avances de investigación del Posgrado en Ingeniería Agrícola y Uso Integral del Agua 25 y 26 de junio [Disco compacto] _c/editado por Raúl almengor Serret ...[et al.] |
| 260 |
_aChapingo, Méx. : _bUACH, _c2010 |
||
| 300 |
_a1 disco compacto ; _c4 3/4 plgs. |
||
| 590 |
_aBATCH-UPD _b10 _c20130110 _lUCH01 _h1741 |
||
| 590 |
_aBATCH-UPD _b10 _c20130410 _lUCH01 _h1120 |
||
| 590 |
_aBATCH-UPD _b10 _c20130914 _lUCH01 _h1640 |
||
| 590 |
_aCONVERSION _b10 _c20130109 _lUCH01 _h1355 |
||
| 650 | 0 | 4 |
_aIngeniería agrícola _xCongresos. _958198 |
| 700 | 1 |
_aAlmengor Serret, Raul _e, ed. _94538 |
|
| 901 | _aBK | ||
| 911 | _aen proceso | ||
| 942 | _cCD | ||
| 949 |
_aCD-331 _bBC _cCD _d33724002222181 _eCD _i111861 _sb |
||
| 999 |
_c100202 _d100202 |
||